Statistics for I Can Guess Your Letter

Click here to take the quiz!

General Stats

  • This quiz has been taken 9 times
  • The average score is 4 of 26

Answer Stats

HintAnswer% Correct
NTFFTTT
43%
YFFFFFT
29%
JFTFTFT
29%
GFTTFFT
29%
DFTTTFT
29%
BFTTTTT
29%
TTFTTFF
29%
ATTTTFF
29%
C
FTTFTF
14%
PFFFTFF
14%
WFFTFFF
14%
QFFTFFT
14%
ZFFTFTF
14%
VFFTTTT
14%
KFTFFFT
14%
MFTFFTF
14%
HFTFTFF
14%
FFTTTFF
14%
OTFFTFT
14%
LTTFFFF
14%
ITTFTFF
14%
ETTTTFT
14%
XFFTFTT
0%
UTFFTFF
0%
RTFTFFF
0%
STFTFFT
0%

Score Distribution

Percentile by Number Answered

Percent of People with Each Score

Your Score History

You have not taken this quiz